000 00341nam a22001337a 4500
005 20250901165817.0
008 250402b |||||||| |||| 00| 0 eng d
020 _a 9789966510112
050 _aPL 8704 .A46 2014
245 _aKizunguzungu
_cShadrack Amolloh
260 _aNairobi:
_bJKF,
_c2014.
300 _aiv, 198 p.:
_c18 cm.
942 _2lcc
999 _c9526
_d9526